Fr. Conceicao Rodrigues College of Engineering

3D STUDIO FOR BEGINNERS FROM THE MASTERS (Record no. 22451)

MARC details
000 -LEADER
fixed length control field 00225nam a2200109Ia 4500
100 ## - MAIN ENTRY--PERSONAL NAME
Personal name #N/A
245 ## - TITLE STATEMENT
Title 3D STUDIO FOR BEGINNERS FROM THE MASTERS
260 ## - PUBLICATION, DISTRIBUTION, ETC.
Name of publisher, distributor, etc. ComDex
546 ## - LANGUAGE NOTE
Language note ENGLISH
650 ## - SUBJECT ADDED ENTRY--TOPICAL TERM
Topical term or geographic name entry element Computers
942 ## - ADDED ENTRY ELEMENTS (KOHA)
Koha item type BOOK
Holdings
Withdrawn status Lost status Damaged status Not for loan Collection Home library Current library Date acquired Total Checkouts Full call number Barcode Date last seen Price effective from Koha item type
        CD Fr. Agnel's C.Rodrigues College of Engineering Fr. Agnel's C.Rodrigues College of Engineering 17/03/2023   CD260 17/03/2023   BOOK